Nubia : ancient kingdoms of Africa : [exhibition] March 11, 2011-June 12, 2011 /

محفوظ في:

المؤلف الرئيسي: Emberling, Geoff (مؤلف)

مؤلف مشترك: New York University. Institute for the Study of the Ancient World.

التنسيق: كتاب

اللغة: English

منشور في: New York : Institute for the Study of the Ancient World, New York University, c2011.

الموضوعات:

الوسوم: إضافة وسم

لا توجد وسوم, كن أول من يضع وسما على هذه التسجيلة!

رقم الطلب: DT159.6 .N83 E43

LEADER 01412nam a22003137a 4500
003 OSt
005 20260419105656.0
008 260419t2011 nyuab bc 000 0 eng d
010 |a 2014451220 
020 |a 9780615481029 
020 |a 0615481027 
040 |c ARCE Library 
043 |a f-sj---  |a f-ua--- 
050 1 4 |a DT159.6 .N83  |b E43 
100 1 |a Emberling, Geoff,   |e author  |9 29595 
245 1 0 |a Nubia :   |b ancient kingdoms of Africa : [exhibition] March 11, 2011-June 12, 2011 /   |c Geoff Emberling.  |h   
264 1 |a New York :   |b Institute for the Study of the Ancient World, New York University,   |c c2011. 
300 |a 59 pages :   |b illustrations (some color), map ;   |c 25 cm. 
500 |a "The exhibition ... was organized by the Museum of Fine Arts, Boston. Supplemental material was loaned by the Metropolitan Museum of Art specially for the ISAW presentation" -- Colophon. 
500 |a Exhibtion held at the Institute for the Study of the Ancient World, New York University, March 11-June 12, 2011. 
504 |a Bibliography : page 58. 
610 2 0 |a New York University.  |b Institute for the Study of the Ancient World  |v Catalogs. 
650 0 |a Art, Ancient  |z Nubia  |v Exhibitions. 
651 0 |a Nubia  |x Antiquities  |v Exhibitions. 
651 0 |a Nubia  |x History. 
710 2 |a New York University.  |b Institute for the Study of the Ancient World. 
901 |a reviewed 
942 |c BK  |2 lcc 
999 |c 23003  |d 23003